| 000 | 01501nam a2200361Ia 4500 | ||
|---|---|---|---|
| 001 | ebr10194078 | ||
| 003 | CaPaEBR | ||
| 006 | m u | ||
| 007 | cr cn||||||||| | ||
| 008 | 070116s2007 nyua sb 001 0beng d | ||
| 010 | _z 2007060056 | ||
| 020 | _z9781403979926 | ||
| 020 | _z1403979928 | ||
| 040 |
_aCaPaEBR _cCaPaEBR |
||
| 035 | _a(OCoLC)560442292 | ||
| 050 | 1 | 4 |
_aDA483.C6 _bK56 2007eb |
| 082 | 0 | 4 |
_a364.1/83092 _222 |
| 100 | 1 |
_aKinservik, Matthew J., _d1967- |
|
| 245 | 1 | 0 |
_aSex, scandal, and celebrity in late eighteenth-century England _h[electronic resource] / _cMatthew J. Kinservik. |
| 250 | _a1st ed. | ||
| 260 |
_aNew York : _bPalgrave Macmillan, _c2007. |
||
| 300 |
_a250 p. : _bill. |
||
| 504 | _aIncludes bibliographical references and index. | ||
| 533 |
_aElectronic reproduction. _bPalo Alto, Calif. : _cebrary, _d2009. _nAvailable via World Wide Web. _nAccess may be limited to ebrary affiliated libraries. |
||
| 600 | 1 | 0 |
_aBristol, Elizabeth Chudleigh, _cCountess of, _d1720-1788. |
| 600 | 1 | 0 |
_aKingston, Evelyn Pierrepont, _cDuke of, _d1711-1773 _xRelations with women. |
| 650 | 0 |
_aTrials (Bigamy) _zGreat Britain _xHistory _y18th century. |
|
| 650 | 0 |
_aScandals _zGreat Britain _xHistory _y18th century. |
|
| 650 | 0 |
_aMistresses _zGreat Britain _vBiography. |
|
| 655 | 7 |
_aElectronic books. _2local |
|
| 710 | 2 | _aebrary, Inc. | |
| 856 | 4 | 0 |
_uhttp://site.ebrary.com/lib/rucke/Doc?id=10194078 _zAn electronic book accessible through the World Wide Web; click to view |
| 999 |
_c221243 _d221243 |
||